Fórum. A közéleti hitvallástól a politikai szociológiáig
Elmentve itt :
| Szerző: | |
|---|---|
| Adatforrás: | Meister |
| Forrásdokumentuma: | Magyar Kisebbség. - 1-2 sz., 1996, 10-14 p. |
| Nyelv: | magyar |
| Kulcsszavak: | politika-szociológia román politikai rendszer politikai rendszer (román) választások (romániai, 1996) RomániaTORÓ T. Tibor CEAUSESCU Nicolae |
| LEADER | 00590nab a2200181 i 4500 | ||
|---|---|---|---|
| 001 | bibPRO00003821 | ||
| 008 | 060524s1996 xx hun | ||
| 040 | |a Sz1 | ||
| 041 | |a hun | ||
| 100 | 1 | |a KERESKÉNYI Sándor | |
| 245 | 1 | 0 | |a Fórum. A közéleti hitvallástól a politikai szociológiáig |c KERESKÉNYI Sándor |
| 695 | |a politika-szociológia | ||
| 695 | |a román politikai rendszer | ||
| 695 | |a politikai rendszer (román) | ||
| 695 | |a választások (romániai, 1996) | ||
| 695 | |a RomániaTORÓ T. Tibor | ||
| 695 | |a CEAUSESCU Nicolae | ||
| 773 | 0 | |t Magyar Kisebbség. - |g 1-2 sz., 1996, 10-14 p. | |